00549 2200205 4500001002100000005001700021008004100038035002400079082001200103090001900115100002500134245004800159260005100207300001900258650001800277850001200295980001500307985000600322999001500328YOGYA-0209000006547420090227091821.0 ind  0010-020900000065474 a839.313 a839.313bSch Z aSCHENDEL, Arthur Van aDe zeven tuinenbromancArthur Van Schendel aAmsterdambUitgeven Door J.M. Mculengoffc1939 a234 hlmc21 cm aFiksi Belanda aYOPDYOG a21-20-2008 a1 aa000048043